Asrār al-insān fī ma'rifa al-rūḥ wa 'l-Raḥmān. (Record no. 87718)

MARC details
000 -LEADER
fixed length control field 00914cam a22002651 4500
001 - CONTROL NUMBER
control field sa 68017448
003 - CONTROL NUMBER IDENTIFIER
control field DLC
005 - DATE AND TIME OF LATEST TRANSACTION
control field 20260227112702.0
008 - FIXED-LENGTH DATA ELEMENTS--GENERAL INFORMATION
fixed length control field 720728s1961 xx 000 0 ind
010 ## - LIBRARY OF CONGRESS CONTROL NUMBER
LC control number sa 68017448
035 ## - SYSTEM CONTROL NUMBER
System control number (OCoLC)368342
040 ## - CATALOGING SOURCE
Original cataloging agency DLC
Transcribing agency OAU
Modifying agency DLC
042 ## - AUTHENTICATION CODE
Authentication code premarc
050 00 - LIBRARY OF CONGRESS CALL NUMBER
Classification number BP166.2
Item number .T8
100 0# - MAIN ENTRY--PERSONAL NAME
Personal name Tudjimah.
245 10 - TITLE STATEMENT
Title Asrār al-insān fī ma'rifa al-rūḥ wa 'l-Raḥmān.
260 ## - PUBLICATION, DISTRIBUTION, ETC.
Place of publication, distribution, etc. [Djakarta,
Name of publisher, distributor, etc. Penerbitan Universitas,
Date of publication, distribution, etc. 1961?]
300 ## - PHYSICAL DESCRIPTION
Extent xi, 477 p.
Dimensions 24 cm.
500 ## - GENERAL NOTE
General note Indonesian, partly in Arabic script.
500 ## - GENERAL NOTE
General note Tesis--Universitas Indonesia.
500 ## - GENERAL NOTE
General note Based on Asrār al-insān fī ma'rifa al-rūḥ wa 'l-Raḥmān, by Nūr al-Dīn al-Rānīrī.
504 ## - BIBLIOGRAPHY, ETC. NOTE
Bibliography, etc. note Includes bibliographies.
650 #0 - SUBJECT ADDED ENTRY--TOPICAL TERM
Topical term or geographic name entry element God (Islam)
700 1# - ADDED ENTRY--PERSONAL NAME
Personal name Rānīrī, Nūr al-Dīn,
Dates associated with a name active 17th century.
Title of a work Asrār al-insān fī maʻrifat al-rūḥ wa-al-Raḥmān.

No items available.

Powered by Koha